000 00343nam a2200133Ia 4500
005 20251222143223.0
008 251222s9999||||xx |||||||||||||| ||spa||
020 _a9506120005
082 _a709.82/B39
245 0 _aHistoria General del Arte en la Argentina
250 _a1ra.ed.
264 _bAcademia Nacional de Bellas Artes
942 _cLIB
999 _c13900
_d13900